Communism Awr Mazhab (Record no. 6045)

MARC details
000 -LEADER
fixed length control field 00537nam a2200241 a 4500
020 ## - INTERNATIONAL STANDARD BOOK NUMBER
ISBN
082 00 - DEWEY DECIMAL CLASSIFICATION NUMBER
Classification number 297.297
Author Cutter OSM
100 ## - MAIN ENTRY--AUTHOR NAME
Author name Osman, Mohd
245 ## - TITLE STATEMENT
Title Communism Awr Mazhab
260 ## - PUBLICATION, DISTRIBUTION, ETC. (IMPRINT)
Place of publication
Name of publisher
Year of publication 1968
300 ## - PHYSICAL DESCRIPTION
Number of Pages 95p
500 ## - GENERAL NOTE
General note includes index and biblioraphy
505 2# - FORMATTED CONTENTS NOTE
Formatted contents note Index
650 ## - SUBJECT ADDED ENTRY--TOPICAL TERM
Topical Term Communism and Islam
942 ## - ADDED ENTRY ELEMENTS (KOHA)
Koha item type Books
700 1# -
-- Osman, Mohd
Holdings
Collection code Home library Current library Date acquired Cost, normal purchase price Full call number Accession Number Koha item type
  Henry Martyn Institute Library Henry Martyn Institute Library 07/26/2007 1.25 297.297 OSM 07762 Books
                   Copyright © 2026 | Henry Martyn Institute | Hyderabad | TS-500052 | INDIA | Implemented by hmi.edu.in
Hit-Count:

Powered by Koha